ห้องสมุด วิทยาลัยพยาบาลบรมราชชนนี อุดรธานี
Boromarajonani College of Nursing, Udonthani
เปลี่ยนเป็นภาษาไทย

Change to English
 แสดงรายละเอียดบรรณานุกรม
  กลับหน้าหลัก

Brief Record : Get Marc (ISO 2709) : E-mail record : QR code ปิดหน้าต่าง
หนังสืออ้างอิง : เกี่ยวกับ Collections
mysqli: Table './ulib2015/stat_globaluid' is marked as crashed and last (automatic?) repair failed
select id from stat_globaluid where statuid='20260418073034_3314' 
mysqli: Table './ulib2015/stat_globaluid' is marked as crashed and last (automatic?) repair failed
DELETE FROM stat_globaluid
			WHERE id NOT IN (
			  SELECT id
			  FROM (
				SELECT id
				FROM stat_globaluid
				ORDER BY id DESC
				LIMIT 100
			  ) foo
			); 
mysqli: Table './ulib2015/stat_globaluid' is marked as crashed and last (automatic?) repair failed
insert into stat_globaluid set
		statuid='20260418073034_3314',
		dt='1776472234',
		phpself='/ULIB/dublinfull.php',
		agent='Mozilla/5.0 AppleWebKit/537.36 (KHTML, like Gecko; compatible; ClaudeBot/1.0; +claudebot@anthropic.com)',
		yea='2026',
		mon='4',
		dat='18',
		ip='216.73.216.142'
		
		
LEADER 00674nam 2200229 a 4500
001    9905
003     ULIBM
008    210411s2531 th m a001 0 tha d
050  4 ^a WY 105^bว585ก 2531.
245 10 ^aการนิเทศโดยใช้ปัญหาเป็นหลัก/^cวิทยาลัยพยาบาล, กองงาน.
250    ^aพิมพ์ครั้งที่ 1.
260    ^aกรุงเทพฯ:^bโรงพิมพ์องค์การสงเคราะห์ทหารผ่านศึก,^c2531.
300    ^a 33 หน้า.
650  7 ^aการนิเทศ.
945    ^p0^l0^i10401
945    ^p0^l0^i10402
945    ^p0^l0^i17181
945    ^p0^l0^i17182
945    ^p0^l0^i17183
945    ^p0^l0^i17184
945    ^p0^l0^i17185
945    ^p0^l0^i17186
945    ^p0^l0^i18566
945    ^p0^l0^i18567
999     ^aลิขิตลักษณ์
รายการนี้ยังไม่มีแท็ก
คุณยังไม่ได้ล็อกอิน คุณสามารถมีกิจกรรมร่วมกับเว็บไซต์ได้ แต่ต้องล็อกอินก่อน ::
  ล็อกอิน
ลำดับที่ ประเภท เลขเรียก/บาร์โค้ด สถานที่ สถานะ
1. หนังสือการพยาบาล
หนังสือการพยาบาล
WY 105 ว585ก 2531.  
  Barcode: 10401
หนังสือทั่วไป On Shelf
2. หนังสือการพยาบาล
หนังสือการพยาบาล
WY 105 ว585ก 2531. ฉ.2 
  Barcode: 10402
หนังสือทั่วไป On Shelf
3. หนังสือการพยาบาล
หนังสือการพยาบาล
WY 105 ว585ก 2531. ฉ.3 
  Barcode: 17181
หนังสือทั่วไป On Shelf
4. หนังสือการพยาบาล
หนังสือการพยาบาล
WY 105 ว585ก 2531. ฉ.4 
  Barcode: 17182
หนังสือทั่วไป On Shelf
5. หนังสือการพยาบาล
หนังสือการพยาบาล
WY 105 ว585ก 2531. ฉ.5 
  Barcode: 17183
หนังสือทั่วไป On Shelf
6. หนังสือการพยาบาล
หนังสือการพยาบาล
WY 105 ว585ก 2531. ฉ.6 
  Barcode: 17184
หนังสือทั่วไป On Shelf
7. หนังสือการพยาบาล
หนังสือการพยาบาล
WY 105 ว585ก 2531. ฉ.7 
  Barcode: 17185
หนังสือทั่วไป On Shelf
8. หนังสือการพยาบาล
หนังสือการพยาบาล
WY 105 ว585ก 2531. ฉ.8 
  Barcode: 17186
หนังสือทั่วไป On Shelf
9. หนังสือการพยาบาล
หนังสือการพยาบาล
WY 105 ว585ก 2531. ฉ.9 
  Barcode: 18566
หนังสือทั่วไป On Shelf
10. หนังสือการพยาบาล
หนังสือการพยาบาล
WY 105 ว585ก 2531. ฉ.10 
  Barcode: 18567
หนังสือทั่วไป On Shelf
   [แสดง 10/10 รายการ]

mysqli: Can't create/write to file '/var/tmp/#sql_59d_0.MAI' (Errcode: 2)
select * from index_db where titl like '%การนิเทศโดยใช้ปัญหาเป็นหลัก/ วิทยาลัยพยาบาล, กองงาน.%' and mid<>'9905'  order by rand() limit 3
mysqli: Can't create/write to file '/var/tmp/#sql_59d_0.MAI' (Errcode: 2)
select * from index_db where subj like '%การนิเทศ.%' and mid<>'9905'  order by rand() limit 3

BibComment


ยังไม่เคยถูกคอมเมนท์

คอมเมนท์ทรัพยากรรายการนี้
  คอมเมนท์: การนิเทศโดยใช้ปั..
Bib 9905

 
 
 

 Union Library Management : ULibM
Copyright 2026. All Rights Reserved.